000 00321 a2200109 4500
001 ART_40699
005 20260410162005.0
008 260409a
245 1 0 _aEl nombre en las personas humanas
100 1 _aMontalto, Ana M.
773 0 _tTemas de derecho civil
_g- Año 2, Nº 11 (nov. 2016)
_wREV34778
999 _c31652
_d31652